000 00281nam a22001337a 4500
008 181012b xxu||||| |||| 00| 0 eng d
020 _a
041 _aeng
080 _a820
100 _a21
101 _aGJL
245 _aIn General & Particular
_cBowra,C.M
942 _2udc
_cBK
999 _c49584
_d49584